[Event "SVK-chT3A2 1718"]
[Site "Slovakia"]
[Date "2018.01.07"]
[Round "7.4"]
[White "Kahancova, Jana"]
[Black "Fekete, Robert"]
[Result "1/2-1/2"]
[WhiteElo "1643"]
[BlackElo "1888"]
[PlyCount "29"]
[EventDate "2017.10.08"]
[EventType "team-tourn"]
[EventRounds "11"]
[EventCountry "SVK"]
[SourceTitle "EXT 2020"]
[Source "ChessBase"]
[SourceDate "2019.10.17"]
[SourceVersion "1"]
[SourceVersionDate "2019.10.17"]
[SourceQuality "1"]
[WhiteTeam "Dunajska Streda II"]
[BlackTeam "Potonska Veza II"]
[WhiteTeamCountry "SVK"]
[BlackTeamCountry "SVK"]

1. d4 d5 2. Nf3 Nf6 3. Bg5 Ne4 4. Bf4 c6 5. e3 Nd7 6. Nbd2 Ndf6 7. Be2 Bg4 8. c4 Nxd2 9. Nxd2 Bxe2 10. Qxe2 dxc4 11. Nxc4 e6 12. a3 Be7 13. Bg3 Nd5 14. Ne5 0-0 15. 0-0 1/2-1/2

[Event "SVK-chT2D 1516"]
[Site "Slovakia"]
[Date "2016.01.24"]
[Round "7.7"]
[White "Kahancova, Jana"]
[Black "Ferkova, Dominika"]
[Result "1/2-1/2"]
[WhiteElo "1647"]
[BlackElo "1802"]
[PlyCount "85"]
[EventDate "2015.10.17"]
[EventType "team-tourn"]
[EventRounds "11"]
[EventCountry "SVK"]
[SourceTitle "EXT 2017"]
[Source "ChessBase"]
[SourceDate "2016.10.25"]
[SourceVersion "1"]
[SourceVersionDate "2016.10.25"]
[SourceQuality "1"]
[WhiteTeam "Stara Lubovna SO II"]
[BlackTeam "Bardejov II"]
[WhiteTeamCountry "SVK"]
[BlackTeamCountry "SVK"]

1. d4 d5 2. Nf3 Nf6 3. Bg5 Ne4 4. Bf4 c6 5. e3 Nd7 6. Nbd2 Ndf6 7. Bd3 Bg4 8. Be2 Qb6 9. Nb3 a5 10. a4 e6 11. 0-0 Be7 12. Ne5 Bxe2 13. Qxe2 0-0 14. Rfb1 Rfd8 15. f3 Nd6 16. Bg3 Nd7 17. Nxd7 Rxd7 18. Nc5 Rdd8 19. Nd3 Bf6 20. Be5 Bxe5 21. Nxe5 c5 22. dxc5 Qxc5 23. Nd3 Qa7 24. Kh1 Nc4 25. Re1 Rac8 26. c3 h6 27. Rab1 Qb6 28. b3 Nd6 29. Rec1 Nf5 30. e4 dxe4 31. Qxe4 Qe3 32. Qxe3 Nxe3 33. Nf2 Rd2 34. Kg1 Nd5 35. Ne4 Ra2 36. Nd6 Rc7 37. Nb5 Rc6 38. Nd4 Rc7 39. Nb5 Rc6 40. g3 Ne3 41. Re1 Nd5 42. Rbc1 Rb2 43. c4 1/2-1/2

[Event "SVK-chT3A2 1415"]
[Site "Slovakia"]
[Date "2015.03.08"]
[Round "10.1"]
[White "Kovarik, Otto"]
[Black "Kahancova, Jana"]
[Result "1-0"]
[WhiteElo "1926"]
[BlackElo "1717"]
[PlyCount "71"]
[EventDate "2014.10.19"]
[EventType "team-tourn"]
[EventRounds "11"]
[EventCountry "SVK"]
[SourceTitle "EXT 2019"]
[Source "ChessBase"]
[SourceDate "2018.10.10"]
[SourceVersion "1"]
[SourceVersionDate "2018.10.10"]
[SourceQuality "1"]

1. e4 e5 2. Nf3 Nc6 3. Bb5 a6 4. Bxc6 bxc6 5. 0-0 d6 6. d4 exd4 7. Nxd4 Bd7 8. c4 Ne7 9. Nc3 g6 10. Bg5 Bg7 11. Qd2 0-0 12. Rac1 Qe8 13. Bh6 f6 14. Bxg7 Kxg7 15. f4 c5 16. Nf3 Qf7 17. b3 Rad8 18. Nd5 c6 19. Nb6 Bc8 20. Qa5 Bb7 21. Na4 Nc8 22. Qc3 Kg8 23. e5 Qe6 24. exd6 Qxd6 25. g3 g5 26. f5 g4 27. Nh4 Qd4+ 28. Qxd4 cxd4 29. Nc5 Rf7 30. Rcd1 Nb6 31. Rf4 h5 32. Rfxd4 Re8 33. Rd8 Rxd8 34. Rxd8+ Kg7 35. Ng6 Bc8 36. Ne6+ 1-0

[Event "SVK-chT3A2 1415"]
[Site "Slovakia"]
[Date "2015.03.06"]
[Round "8.2"]
[White "Kahancova, Jana"]
[Black "Verba, Vladimir"]
[Result "0-1"]
[WhiteElo "1717"]
[BlackElo "1789"]
[PlyCount "77"]
[EventDate "2014.10.19"]
[EventType "team-tourn"]
[EventRounds "11"]
[EventCountry "SVK"]
[SourceTitle "EXT 2019"]
[Source "ChessBase"]
[SourceDate "2018.10.10"]
[SourceVersion "1"]
[SourceVersionDate "2018.10.10"]
[SourceQuality "1"]

1. d4 g6 2. Nf3 Bg7 3. c3 d6 4. Bf4 Nd7 5. e4 c5 6. Bc4 Ngf6 7. Nbd2 0-0 8. 0-0 a6 9. a4 Qc7 10. Bb3 b6 11. Re1 Bb7 12. Qc2 cxd4 13. cxd4 Qxc2 14. Bxc2 Rac8 15. Bd3 Rc7 16. Rac1 Rfc8 17. Rc4 Rxc4 18. Nxc4 d5 19. Ncd2 dxe4 20. Nxe4 Nxe4 21. Bxe4 Bxe4 22. Rxe4 e6 23. Kf1 Rc4 24. b3 Rb4 25. Re3 Bf8 26. Rd3 b5 27. Bd2 bxa4 28. Bxb4 Bxb4 29. bxa4 a5 30. Ne5 Nb8 31. g4 f6 32. Nc4 Kf7 33. Ke2 Na6 34. h3 Nc7 35. Nb6 Ke7 36. f4 Kd6 37. Nc4+ Kd5 38. Ne3+ Ke4 39. g5 0-1

[Event "SVK-chT4 A22 1415"]
[Site "Slovakia"]
[Date "2014.11.09"]
[Round "3.1"]
[White "Csefalvay, Stefan"]
[Black "Kahancova, Jana"]
[Result "1-0"]
[WhiteElo "1831"]
[BlackElo "1643"]
[PlyCount "63"]
[EventDate "2014.10.12"]
[EventType "team-tourn"]
[EventRounds "11"]
[EventCountry "SVK"]
[SourceTitle "EXT 2019"]
[Source "ChessBase"]
[SourceDate "2018.10.10"]
[SourceVersion "1"]
[SourceVersionDate "2018.10.10"]
[SourceQuality "1"]

1. d4 d5 2. Nf3 Nf6 3. Bf4 Bg4 4. Ne5 Bf5 5. h3 h6 6. c4 c6 7. Nc3 e6 8. e3 Nbd7 9. Bd3 Bxd3 10. Qxd3 Nxe5 11. dxe5 Nd7 12. cxd5 exd5 13. e6 fxe6 14. Qg6+ Ke7 15. 0-0 Qe8 16. Qg3 Nf6 17. Be5 Kf7 18. e4 Be7 19. Rfe1 Rd8 20. exd5 cxd5 21. Qe3 b6 22. Qd3 Bb4 23. Re2 Bd6 24. Rae1 Bxe5 25. Rxe5 Qd7 26. Qd4 Rhe8 27. a3 Rc8 28. b3 Qc6 29. R1e3 Qc5 30. Qa4 a5 31. Ne2 Ne4 32. R3xe4 1-0

[Event "SVK-chT3A2 1314"]
[Site "Slovakia"]
[Date "2014.03.23"]
[Round "11.3"]
[White "Kahancova, Jana"]
[Black "Nemsak, Denis"]
[Result "0-1"]
[WhiteElo "1652"]
[BlackElo "1913"]
[PlyCount "100"]
[EventDate "2013.10.13"]
[EventType "team-tourn"]
[EventRounds "11"]
[EventCountry "SVK"]
[SourceTitle "EXT 2015"]
[Source "ChessBase"]
[SourceDate "2014.11.20"]
[SourceVersion "1"]
[SourceVersionDate "2014.11.20"]
[SourceQuality "1"]
[WhiteTeam "Velky Meder MSK Corvin"]
[BlackTeam "Piestany Kupele"]
[WhiteTeamCountry "SVK"]
[BlackTeamCountry "SVK"]

1. e4 d5 2. exd5 Nf6 3. Nc3 Nxd5 4. Nxd5 Qxd5 5. d4 Nc6 6. c3 Bf5 7. Nf3 0-0-0 8. Be3 f6 9. Be2 g5 10. b4 h5 11. Qb3 Qd7 12. 0-0-0 e6 13. Bb5 a6 14. Bc4 Bd6 15. h3 Kb8 16. Rhe1 h4 17. Bd2 Rde8 18. a4 g4 19. hxg4 Bxg4 20. Be2 h3 21. gxh3 Rxh3 22. Ng1 Nxd4 23. Qa2 Nxe2+ 24. Nxe2 e5 25. Be3 Qc6 26. Qc2 Reh8 27. Kb2 f5 28. Rg1 Qc4 29. Rde1 Bf3 30. Nc1 f4 31. Bd2 Bd5 32. Rd1 Rf3 33. Be1 Qc6 34. Qd2 Be6 35. Qc2 Rhh3 36. Ne2 a5 37. Rg6 Qc4 38. Rxe6 Qxe6 39. Ng1 axb4 40. Nxf3 Rxf3 41. Rd3 bxc3+ 42. Rxc3 Qd5 43. Rc4 Rd3 44. Ba5 e4 45. Be1 Be5+ 46. Kc1 Ra3 47. Rb4 Ra1+ 48. Rb1 Ra2 49. Qb3 Qc6+ 50. Kd1 Rxa4 0-1

[Event "SVK-chT2A 1314"]
[Site "Slovakia"]
[Date "2014.03.15"]
[Round "10.4"]
[White "Kahancova, Jana"]
[Black "Biro, Karol"]
[Result "1/2-1/2"]
[WhiteElo "1652"]
[BlackElo "2190"]
[PlyCount "100"]
[EventDate "2013.10.19"]
[EventType "team-tourn"]
[EventRounds "11"]
[EventCountry "SVK"]
[SourceTitle "EXT 2015"]
[Source "ChessBase"]
[SourceDate "2014.11.20"]
[SourceVersion "1"]
[SourceVersionDate "2014.11.20"]
[SourceQuality "1"]
[WhiteTeam "Dunajska Streda II"]
[BlackTeam "Krasnany"]
[WhiteTeamCountry "SVK"]
[BlackTeamCountry "SVK"]

1. e4 e6 2. d4 d5 3. exd5 exd5 4. Bd3 c5 5. dxc5 Bxc5 6. Nf3 Ne7 7. Nc3 Nbc6 8. 0-0 a6 9. a3 Bg4 10. Be2 0-0 11. b4 Ba7 12. Bb2 d4 13. Ne4 Ng6 14. h3 Qe7 15. Ng3 Be6 16. Re1 Qd7 17. Bf1 Rad8 18. Qd2 Qc7 19. Ne2 Qb6 20. Ng3 Qc7 21. Rad1 Bd5 22. Be2 Nf4 23. Nf5 Be4 24. Ng3 Bg6 25. Bf1 f6 26. Bc4+ Kh8 27. Ne2 Ne5 28. Qxf4 Nxf3+ 29. Qxf3 Qxc4 30. Nf4 Bxc2 31. Ne6 Qc8 32. Qg3 Qd7 33. Nxf8 Rxf8 34. Rd2 d3 35. Re4 Re8 36. Qf3 Bb8 37. Kf1 h6 38. Rc4 Qe6 39. Qe3 Qxe3 40. fxe3 Ba7 41. Bd4 Bxd4 42. exd4 Rd8 43. Kf2 b5 44. Rc6 Rxd4 45. Rxa6 f5 46. Rc6 Rf4+ 47. Ke3 Re4+ 48. Kf2 Rf4+ 49. Ke3 Re4+ 50. Kf2 Rf4+ 1/2-1/2

[Event "SVK-chT4 A22 1314"]
[Site "Slovakia"]
[Date "2014.03.09"]
[Round "10.3"]
[White "Lopatievov, Alexander"]
[Black "Kahancova, Jana"]
[Result "1/2-1/2"]
[WhiteElo "1936"]
[BlackElo "1652"]
[PlyCount "103"]
[EventDate "2013.10.06"]
[EventType "team-tourn"]
[EventRounds "11"]
[EventCountry "SVK"]
[SourceTitle "EXT 2015"]
[Source "ChessBase"]
[SourceDate "2014.11.20"]
[SourceVersion "1"]
[SourceVersionDate "2014.11.20"]
[SourceQuality "1"]
[WhiteTeam "Trnava Modranka II"]
[BlackTeam "Dunajska Streda SK III"]
[WhiteTeamCountry "SVK"]
[BlackTeamCountry "SVK"]

1. b4 e5 2. Bb2 d6 3. a3 Nf6 4. c4 Nbd7 5. Nc3 b6 6. e4 Bb7 7. d3 c6 8. Nf3 Be7 9. Be2 Nf8 10. 0-0 Ne6 11. d4 exd4 12. Nxd4 Nxd4 13. Qxd4 Qc7 14. Qe3 0-0 15. Qg3 Rac8 16. f4 Ne8 17. Rad1 Bf6 18. Rd2 Qe7 19. Bd3 Rd8 20. Bc2 Qe6 21. Qd3 g6 22. Kh1 Nc7 23. a4 a6 24. f5 Qe7 25. fxg6 hxg6 26. Rdf2 Be5 27. Rf3 Bc8 28. h3 Ne6 29. Nd1 Ng5 30. Re3 Kg7 31. Bxe5+ dxe5 32. Qc3 Rd4 33. c5 b5 34. axb5 axb5 35. Nf2 Rfd8 36. Nd1 Rc4 37. Qb2 Rdd4 38. Rb3 Rd2 39. Ne3 Rxe4 40. Qc1 Red4 41. Rd1 Qd7 42. Rc3 Rxd1+ 43. Nxd1 Ne4 44. Rf3 Rxb4 45. Bxe4 Rxe4 46. Nc3 Rc4 47. Qg5 Qd4 48. Qf6+ Kh6 49. Qh8+ Kg5 50. Qf6+ Kh6 51. Qh8+ Kg5 52. Qf6+ 1/2-1/2

[Event "SVK-chT4 A22 1314"]
[Site "Slovakia"]
[Date "2014.02.09"]
[Round "8.4"]
[White "Kahancova, Jana"]
[Black "Horecky, Peter"]
[Result "1-0"]
[WhiteElo "1652"]
[BlackElo "1697"]
[PlyCount "77"]
[EventDate "2013.10.06"]
[EventType "team-tourn"]
[EventRounds "11"]
[EventCountry "SVK"]
[SourceTitle "EXT 2015"]
[Source "ChessBase"]
[SourceDate "2014.11.20"]
[SourceVersion "1"]
[SourceVersionDate "2014.11.20"]
[SourceQuality "1"]
[WhiteTeam "Dunajska Streda SK III"]
[BlackTeam "Sered MSK"]
[WhiteTeamCountry "SVK"]
[BlackTeamCountry "SVK"]

1. e4 e6 2. d4 d5 3. exd5 exd5 4. Bd3 Nc6 5. c3 Bd6 6. Ne2 Nge7 7. Bf4 Bg4 8. f3 Bh5 9. Qc2 Qd7 10. Nd2 Bg6 11. 0-0 0-0-0 12. b4 Bxf4 13. Nxf4 Nf5 14. Rfe1 Rde8 15. Nf1 Kb8 16. a4 Nh4 17. Ne3 Ne7 18. Qf2 Nhf5 19. Bc2 Nxe3 20. Rxe3 Bxc2 21. Qxc2 Nf5 22. Re5 Rxe5 23. dxe5 Re8 24. Nd3 Ne3 25. Qf2 Nc4 26. f4 Qf5 27. Qd4 Rd8 28. Re1 Qg4 29. Nc5 b6 30. Na6+ Kb7 31. b5 c5 32. Qf2 Qf5 33. Rd1 Qe4 34. Kh1 d4 35. cxd4 cxd4 36. h3 d3 37. Qh4 f6 38. Qg4 Qd5 39. Qxg7+ 1-0

[Event "SVK-chT4 A22 1314"]
[Site "Slovakia"]
[Date "2014.01.26"]
[Round "7.3"]
[White "Janas, Peter"]
[Black "Kahancova, Jana"]
[Result "1/2-1/2"]
[WhiteElo "1707"]
[BlackElo "1652"]
[PlyCount "129"]
[EventDate "2013.10.06"]
[EventType "team-tourn"]
[EventRounds "11"]
[EventCountry "SVK"]
[SourceTitle "EXT 2015"]
[Source "ChessBase"]
[SourceDate "2014.11.20"]
[SourceVersion "1"]
[SourceVersionDate "2014.11.20"]
[SourceQuality "1"]
[WhiteTeam "Hlohovec II"]
[BlackTeam "Dunajska Streda SK III"]
[WhiteTeamCountry "SVK"]
[BlackTeamCountry "SVK"]

1. Nf3 d5 2. d4 Nf6 3. c4 c6 4. cxd5 cxd5 5. e3 Bg4 6. Be2 e6 7. Nc3 Nc6 8. Qa4 Nd7 9. 0-0 a6 10. Qd1 Bd6 11. h3 Bh5 12. e4 dxe4 13. Nxe4 Be7 14. Bf4 Nb6 15. Be3 0-0 16. Nc3 Bf6 17. g4 Bg6 18. Qd2 Nd5 19. Nxd5 Qxd5 20. Rac1 Be7 21. Qd1 Qxa2 22. Ne5 Be4 23. Nxc6 Bxc6 24. Qd2 Qd5 25. f3 Rad8 26. Bd3 Qd7 27. Qc2 h6 28. Qf2 Bd6 29. Bb1 Qe7 30. Qc2 f5 31. Rce1 Bb4 32. Rc1 Qd6 33. Qh2 Qxh2+ 34. Kxh2 f4 35. Bg1 Bb5 36. Kg2 Bxf1+ 37. Kxf1 Rc8 38. Rd1 Rfd8 39. Be4 Rd7 40. d5 Rf8 41. Ke2 exd5 42. Rxd5 Rfd8 43. Rd3 Rxd3 44. Bxd3 a5 45. Bb6 Re8+ 46. Be4 a4 47. Kd3 Re7 48. Kc4 Bd6 49. h4 a3 50. bxa3 Bxa3 51. h5 Bc1 52. Kc3 Re5 53. Kc4 Ba3 54. Bxb7 Bc1 55. Bd4 Re7 56. Be4 Re8 57. Kd3 Rd8 58. Kc4 Kf7 59. Bd5+ Kf8 60. Bc5+ Ke8 61. Bc6+ Kf7 62. Bd5+ Ke8 63. Bc6+ Kf7 64. Bd5+ Ke8 65. Bc6+ 1/2-1/2

[Event "SVK-chT4 A22 1314"]
[Site "Slovakia"]
[Date "2013.12.08"]
[Round "5.2"]
[White "Sandor, Stefan"]
[Black "Kahancova, Jana"]
[Result "1-0"]
[WhiteElo "1657"]
[BlackElo "1652"]
[PlyCount "93"]
[EventDate "2013.10.06"]
[EventType "team-tourn"]
[EventRounds "11"]
[EventCountry "SVK"]
[SourceTitle "EXT 2015"]
[Source "ChessBase"]
[SourceDate "2014.11.20"]
[SourceVersion "1"]
[SourceVersionDate "2014.11.20"]
[SourceQuality "1"]
[WhiteTeam "Gabcikovo Russel III"]
[BlackTeam "Dunajska Streda SK III"]
[WhiteTeamCountry "SVK"]
[BlackTeamCountry "SVK"]

1. e4 e5 2. Nf3 Nc6 3. Bb5 a6 4. Ba4 Nf6 5. d3 d6 6. h3 b5 7. Bb3 Be7 8. a3 0-0 9. Nc3 Na5 10. Ba2 c6 11. 0-0 Nb7 12. Be3 Qd7 13. Qd2 Nd8 14. Rad1 Ne6 15. Ne2 Qc7 16. Ng5 d5 17. Nxe6 Bxe6 18. exd5 Nxd5 19. Ra1 Qd8 20. Nc3 f5 21. f4 Qd6 22. Nxd5 Bxd5 23. Bxd5+ Qxd5 24. fxe5 Qxe5 25. d4 Qd5 26. c3 Bd6 27. Bf4 Rf6 28. Bxd6 Qxd6 29. Rae1 Raf8 30. Qf4 Qxf4 31. Rxf4 g5 32. Rff1 h5 33. Re5 Kg7 34. g3 Kh6 35. Rfe1 f4 36. gxf4 gxf4 37. Re6 f3 38. Rxf6+ Rxf6 39. Kf2 Kg5 40. Re3 Rf4 41. Rxf3 Kf5 42. Ke3 Rxf3+ 43. Kxf3 Kg5 44. b3 Kf5 45. c4 bxc4 46. bxc4 a5 47. a4 1-0

[Event "Tatry op"]
[Site "Tatranske Zruby"]
[Date "2013.10.05"]
[Round "8"]
[White "Zemlicka, Vit"]
[Black "Kahancova, Jana"]
[Result "1/2-1/2"]
[WhiteElo "1964"]
[BlackElo "1653"]
[PlyCount "81"]
[EventDate "2013.09.29"]
[EventType "swiss"]
[EventRounds "9"]
[EventCountry "SVK"]
[SourceTitle "EXT 2023"]
[Source "ChessBase"]
[SourceDate "2022.10.05"]
[SourceVersion "1"]
[SourceVersionDate "2022.10.05"]
[SourceQuality "1"]

1. e4 e5 2. Nf3 Nc6 3. Bb5 a6 4. Ba4 Nf6 5. Qe2 d6 6. c3 b5 7. Bc2 Bg4 8. h3 Bh5 9. d3 Be7 10. Nbd2 d5 11. Nf1 Bxf3 12. Qxf3 dxe4 13. dxe4 Qd7 14. Ng3 Rd8 15. Nf5 Bf8 16. 0-0 Ne7 17. Rd1 Qc8 18. Rxd8+ Qxd8 19. Bg5 Nxf5 20. Qxf5 Bd6 21. Rd1 Qd7 22. Qf3 Qe7 23. a4 b4 24. Bd3 bxc3 25. bxc3 a5 26. Bb5+ Kf8 27. Bc6 h6 28. Rb1 Qd8 29. Bxf6 gxf6 30. Qe3 Qc8 31. Qa7 Kg7 32. Qxa5 f5 33. f3 Rg8 34. Qb5 Kh8 35. Bd7 Qa8 36. Bxf5 c6 37. Qc4 Qa7+ 38. Kh2 Qf2 39. Qf1 Qc2 40. Rb7 Qa2 41. Bg4 1/2-1/2

[Event "Tatry op"]
[Site "Tatranske Zruby"]
[Date "2013.10.03"]
[Round "6"]
[White "Houdek, Daniel"]
[Black "Kahancova, Jana"]
[Result "1/2-1/2"]
[WhiteElo "1859"]
[BlackElo "1653"]
[PlyCount "35"]
[EventDate "2013.09.29"]
[EventType "swiss"]
[EventRounds "9"]
[EventCountry "SVK"]
[SourceTitle "EXT 2023"]
[Source "ChessBase"]
[SourceDate "2022.10.05"]
[SourceVersion "1"]
[SourceVersionDate "2022.10.05"]
[SourceQuality "1"]

1. Nf3 Nf6 2. d4 d5 3. c4 c6 4. g3 Bf5 5. Bg2 e6 6. 0-0 Nbd7 7. Nc3 Bd6 8. b3 0-0 9. Nh4 Bg4 10. f3 Bh5 11. g4 Nxg4 12. fxg4 Qxh4 13. Bf4 Bxf4 14. Rxf4 Qg5 15. e3 Bg6 16. h3 f5 17. Qe1 Qe7 18. gxf5 1/2-1/2

[Event "SVK-ch op"]
[Site "Banska Stiavnica"]
[Date "2013.07.06"]
[Round "1"]
[White "Kahancova, Jana"]
[Black "Goga, Frantisek"]
[Result "0-1"]
[WhiteElo "1636"]
[BlackElo "1907"]
[PlyCount "56"]
[EventDate "2013.07.06"]
[EventType "swiss"]
[EventRounds "9"]
[EventCountry "SVK"]
[SourceTitle "CBM 155 Extra"]
[Source "ChessBase"]
[SourceDate "2013.08.26"]
[SourceVersion "1"]
[SourceVersionDate "2013.08.26"]
[SourceQuality "1"]

1. e4 c5 2. Nf3 d6 3. d4 cxd4 4. Nxd4 Nf6 5. Nc3 a6 6. f3 e5 7. Nb3 Be6 8. Be3 Be7 9. Qd2 Nbd7 10. Be2 0-0 11. 0-0-0 b5 12. g4 Nb6 13. h4 b4 14. Nb1 a5 15. h5 a4 16. Qxb4 axb3 17. Bxb6 Qc8 18. axb3 Rb8 19. Qa5 Bxb3 20. Bd3 Qc6 21. Be3 d5 22. Qd2 d4 23. Bg5 Bb4 24. Qh2 Rfc8 25. Rdg1 Nd7 26. Kd1 Nc5 27. Rg2 Ba2 28. Ke2 Nxd3 0-1

[Event "SVK-ch U18 Girls"]
[Site "Lubovna"]
[Date "2013.04.11"]
[Round "7"]
[White "Kahancova, Jana"]
[Black "Gregusova, Katarina"]
[Result "1/2-1/2"]
[WhiteElo "1653"]
[BlackElo "1539"]
[PlyCount "22"]
[EventDate "2013.04.06"]
[EventType "tourn"]
[EventRounds "10"]
[EventCountry "SVK"]
[SourceTitle "CBM 153 Extra"]
[Source "ChessBase"]
[SourceDate "2013.04.22"]
[SourceVersion "1"]
[SourceVersionDate "2013.04.22"]
[SourceQuality "1"]

1. e4 e5 2. Nf3 Nc6 3. Bc4 Nf6 4. Nc3 Nxe4 5. Bxf7+ Kxf7 6. Nxe4 d5 7. Ng3 Bg4 8. d3 e4 9. Ng5+ Qxg5 10. Bxg5 Bxd1 11. Kxd1 exd3 1/2-1/2

[Event "SVK-ch U18 Girls"]
[Site "Lubovna"]
[Date "2013.04.07"]
[Round "2"]
[White "Gregusova, Katarina"]
[Black "Kahancova, Jana"]
[Result "1-0"]
[WhiteElo "1539"]
[BlackElo "1653"]
[PlyCount "73"]
[EventDate "2013.04.06"]
[EventType "tourn"]
[EventRounds "10"]
[EventCountry "SVK"]
[SourceTitle "CBM 153 Extra"]
[Source "ChessBase"]
[SourceDate "2013.04.22"]
[SourceVersion "1"]
[SourceVersionDate "2013.04.22"]
[SourceQuality "1"]

1. d4 d5 2. c4 Nf6 3. e3 c6 4. Nc3 e6 5. Nf3 Be7 6. b3 0-0 7. Bb2 Nbd7 8. Rc1 a5 9. Qc2 Re8 10. Qd2 Bf8 11. Qc2 Be7 12. Bd3 Nf8 13. 0-0 Bd6 14. h3 h6 15. Rfd1 Bd7 16. Rb1 Qe7 17. Re1 Reb8 18. e4 dxe4 19. Nxe4 Nxe4 20. Bxe4 Qd8 21. Rbc1 Rc8 22. Qd3 Be7 23. Red1 Bf6 24. Ba1 Rab8 25. Qe2 Qe8 26. Re1 Qd8 27. Rcd1 Qc7 28. Nh2 c5 29. Nf3 cxd4 30. Nxd4 Rd8 31. Bb2 b6 32. Ba3 Be8 33. Nf3 Qa7 34. Bb1 Rxd1 35. Rxd1 Qb7 36. Ne5 Nd7 37. Qd3 1-0

[Event "SVK-chT4 A22 1213"]
[Site "Slovakia"]
[Date "2013.01.20"]
[Round "7.3"]
[White "Drgon, Matus"]
[Black "Kahancova, Jana"]
[Result "0-1"]
[WhiteElo "1643"]
[BlackElo "1597"]
[PlyCount "52"]
[EventDate "2012.10.14"]
[EventType "team-tourn"]
[EventRounds "11"]
[EventCountry "SVK"]
[SourceTitle "EXT 2015"]
[Source "ChessBase"]
[SourceDate "2014.11.20"]
[SourceVersion "1"]
[SourceVersionDate "2014.11.20"]
[SourceQuality "1"]
[WhiteTeam "Trakovice SK"]
[BlackTeam "Dunajska Streda SK III"]
[WhiteTeamCountry "SVK"]
[BlackTeamCountry "SVK"]

1. d4 d5 2. c4 e6 3. Nc3 Nf6 4. Bg5 Be7 5. e3 0-0 6. Nf3 c6 7. Bd3 h6 8. Bh4 Nbd7 9. 0-0 Re8 10. Qc2 Nh5 11. Bxe7 Qxe7 12. cxd5 exd5 13. Rfe1 Qd8 14. e4 Nb6 15. exd5 cxd5 16. Ne5 Be6 17. Bf5 Qg5 18. Bxe6 Rxe6 19. Nf3 Qf6 20. Rxe6 Qxe6 21. Re1 Qd7 22. Qe2 Nf4 23. Qe3 Qg4 24. g3 Nh3+ 25. Kg2 Nc4 26. Qe2 Nf4+ 0-1

[Event "SVK-ch U16 Girls"]
[Site "Lubovnianske Kupele"]
[Date "2012.03.18"]
[Round "1"]
[White "Celustkova, Lubica"]
[Black "Kahancova, Jana"]
[Result "1-0"]
[WhiteElo "1712"]
[BlackElo "1635"]
[PlyCount "55"]
[EventDate "2012.03.18"]
[EventType "tourn"]
[EventRounds "7"]
[EventCountry "SVK"]
[SourceTitle "CBM 147 Extra"]
[Source "ChessBase"]
[SourceDate "2012.04.24"]
[SourceVersion "1"]
[SourceVersionDate "2012.04.24"]
[SourceQuality "1"]

1. e4 e5 2. Nc3 Nc6 3. Bc4 Nf6 4. d3 h6 5. f4 d6 6. Nf3 Bd7 7. a3 a6 8. Be3 b5 9. Ba2 Be7 10. 0-0 0-0 11. Nd5 exf4 12. Bxf4 Re8 13. Qd2 Be6 14. Nxe7+ Qxe7 15. Bxe6 Qxe6 16. Rae1 Nd7 17. Qf2 Qf6 18. Bc1 Qg6 19. Nh4 Qf6 20. Nf5 Kh8 21. Qg3 Qg6 22. Qh3 Nb6 23. Re3 Rg8 24. Rg3 Qe6 25. Qh4 Raf8 26. Bg5 Nc8 27. Rh3 Qg6 28. Bxh6 1-0